| 000 | 00698nam a2200133Ia 4500 | ||
|---|---|---|---|
| 008 | 171212s9999 xx 000 0 und d | ||
| 020 | _a9780833041319 | ||
| 100 | _aPace, Nicholas M.;Carroll, Stephen J.;Vogelsang, Ingo;Zakaras, Laura;Stephen J. Carroll, ;Ingo Vogelsang, ;Laura Zakaras, | ||
| 245 |
_cPace, Nicholas M.;Carroll, Stephen J.;Vogelsang, Ingo;Zakaras, Laura;Stephen J. Carroll, ;Ingo Vogelsang, ;Laura Zakaras, _aInsurance Class Actions in the United States |
||
| 260 |
_bRAND Corporation _c2007 |
||
| 650 | _aClass actions (Civil procedure) -- United States; Tort liability of insurance companies -- United States | ||
| 650 | _aLaw | ||
| 856 | _uwww.jstor.org/stable/10.7249/mg587icj | ||
| 999 |
_c352228 _d352228 |
||